แสดงรายละเอียดบรรณานุกรม
  กลับหน้าหลัก

Brief Record : Get Marc (ISO 2709) : E-mail record : QR code ปิดหน้าต่าง
E-books : เกี่ยวกับ Collections
LEADER 00000nam 2200000uu 4500
001    213714
003     ULIBM
008    230810s||||||||th 000 0 tha d
020    ^a978-616-92617-4-2
040    ^abcnkk
041    ^atha
060  0 ^aWO704 ก451 2564
245 00 ^aการดูแลแผลอย่างครอบคลุม= ^bComprehensive wound care 2021/^cบรรณาธิการ, อภิชัย อังสพัทธ์
250    ^aพิมพ์ครั้งที่ 1
260    ^aกรุงเทพฯ:^bสมาคมแผลไหม้และสมานแผล (ประเทศไทย),^c2564
300    ^a482 หน้า:^bภาพประกอบ;^c21 ซม.
650  0 ^aบาดแผลและบาดเจ็บ--การพยาบาล
650  0 ^aบาดแผลและบาดเจ็บ--การรักษา
650  0 ^aWounds and injuriey
700 0  ^aอภิรักษ์ ช่วงสุวนิช,
700 0  ^aพรพหรม เมืองแมน,บรรณาธิการ
700 0  ^aพรเทพ พึ่งรัศมี,บรรณาธิการ
700 0   ^aพรเทพ สิริมหาไชยกุล,บรรณาธิการ
700 0  ^aและกุสุมา ชินอรุณชัย,บรรณาธิการ
999    ^aใช้งานได้ทุกระบบ
รายการนี้ยังไม่มีแท็ก
คุณยังไม่ได้ล็อกอิน คุณสามารถมีกิจกรรมร่วมกับเว็บไซต์ได้ แต่ต้องล็อกอินก่อน ::
  ล็อกอิน
ลำดับที่ ประเภท เลขเรียก สถานที่ สถานะ
1. การพยาบาล (ตำราหลัก)
การพยาบาล (ตำราหลัก)
WO704 ก451 2564 ฉ.1 
  
การพยาบาลผู้ใหญ่ On Shelf
  ขอยืม
Note:จัดซื้อปีงบฯ 2565
   [แสดง 1/1 รายการ]

รายการใกล้เคียง
    หัวเรื่อง [บาดแผลและบาดเจ็บ--การพยาบาล]
    หัวเรื่อง [บาดแผลและบาดเจ็บ--การรักษา]

BibComment


ยังไม่เคยถูกคอมเมนท์

คอมเมนท์ทรัพยากรรายการนี้
  คอมเมนท์: การดูแลแผลอย่างค..
Bib 213714

 
 
 

 Union Library Management : ULibM
Copyright 2026. All Rights Reserved.
скачать бесплатно без регистрации порно красивый секс HD Sex Hindi sex

xxx gou

xxxx

bfxxx

xxxwww

Секса Видео

xxxx

Секса Видео

detube

geilexxx

C99 Shell

worms shell

blod xxx video
Ebony Coed Rihanna Rimes Takes A Dick In Her Young Twat priyaa indian fuck anal and pusssy hardcore indian women xxx desi hardcore fucking part 1 bengalixxxcouple